Statistics for Popular Pickup Trucks in the U.S.

Click here to take the quiz!

General Stats

  • This quiz has been taken 295 times
  • The average score is 11 of 15

Answer Stats

Answer% Correct
Ford F-150
95%
Ford F-250 / F-350
88%
Toyota Tacoma
81%
Toyota Tundra
81%
Chevy Silverado
77%
Ford Ranger
77%
GMC Sierra
77%
Dodge RAM
74%
Nissan Titan
73%
Chevy Colorado
72%
Chevy Avalanche
69%
Honda Ridgeline
69%
Dodge Dakota
63%
GMC Canyon
57%
Nissan Frontier
57%

Score Distribution

Percentile by Number Answered

Percent of People with Each Score

Your Score History

You have not taken this quiz